Study on the home gardening program in target area of enfants and development in kong pisei district kompong speu province, ការសិក្សាលើកម្មវិធីសួនបន្លែជាលក្ខណៈគ្រួសារនៅតំបន់គោលដៅរបស់អង្គការកុមារ​ និងអភិវឌ្ឍន៍នៅស្រុកគងពិសី ខេត្តកំពង់ស្ពឺ (Record no. 2876)

000 -LEADER
fixed length control field 00823nam a22001577a 4500
003 - CONTROL NUMBER IDENTIFIER
control field OSt
005 - DATE AND TIME OF LATEST TRANSACTION
control field 20151031145054.0
008 - FIXED-LENGTH DATA ELEMENTS--GENERAL INFORMATION
fixed length control field 151031b xxu||||| |||| 00| 0 eng d
040 ## - CATALOGING SOURCE
Transcribing agency RUA
082 ## - DEWEY DECIMAL CLASSIFICATION NUMBER
Classification number ATM.s TAN 2004 B059 Or.1
100 ## - MAIN ENTRY--PERSONAL NAME
9 (RLIN) 3086
Personal name TAN, SOVANNRATH.
245 ## - TITLE STATEMENT
Title Study on the home gardening program in target area of enfants and development in kong pisei district kompong speu province, ការសិក្សាលើកម្មវិធីសួនបន្លែជាលក្ខណៈគ្រួសារនៅតំបន់គោលដៅរបស់អង្គការកុមារ​ និងអភិវឌ្ឍន៍នៅស្រុកគងពិសី ខេត្តកំពង់ស្ពឺ
260 ## - PUBLICATION, DISTRIBUTION, ETC. (IMPRINT)
Place of publication, distribution, etc. Phnom Penh
Name of publisher, distributor, etc. RUA
Date of publication, distribution, etc. 2004
300 ## - PHYSICAL DESCRIPTION
Extent 51p.
Other physical details ill.
Dimensions 29cm.
942 ## - ADDED ENTRY ELEMENTS (KOHA)
Source of classification or shelving scheme
Koha item type ATM.s
Holdings
Price effective from Date last seen Permanent Location Not for loan Date acquired Source of classification or shelving scheme Koha item type Lost status Withdrawn status Date last checked out Total Checkouts Shelving location Damaged status Barcode Current Location Full call number
2015-10-312018-11-05Library Block B 2015-10-31 ATM.s  2018-10-301B059 RUA004310Library Block BATM.s TAN 2004 B059 Or.1
2015-10-312015-10-31Library Block B 2015-10-31 ATM.s    B059 RUA004308Library Block BATM.s TAN 2004 B059 Or.2
2015-10-312015-10-31Library Block B 2015-10-31 ATM.s    B059 RUA005177Library Block BATM.s TAN 2004 B059 Or.3
2015-10-312015-10-31Library Block B 2015-10-31 ATM.s    B059 RUA004442Library Block BATM.s TAN 2004 B059 Or.4
2015-10-312015-10-31Library Block B 2015-10-31 ATM.s    B059 RUA004238Library Block BATM.s TAN 2004 B059 Or.5
មជ្ឈមណ្ឌលឯការនៃសាកលវិទ្យាល័យភូមិន្ទកសិកម្មចំការដូង

Powered by Koha